000 00630nam a22001577a 4500
005 20251108171852.0
008 250721s1989 xx 000 0 ara d
082 1 4 _a628.7/منظ
245 1 0 _aتحقيق النجاح في مشروعات توفير المياه و خدمات الإصحاح العامة /
264 1 _aالإسكندرية :
_bمنظمة الصحة العالمية - المكتب الإقليمي لشرق البحر الأبيض المتوسط،
_c1989.
300 _a67ص
650 1 7 _aالهندسة الصحية
710 2 _aمنظمة الصحة العالمية
942 _2ddc
_cBK
999 _c64720
_d64720